Consideraciones intempestivas: David Strauss, el confesor y el escritor -y fragmentos póstumos-

Salvato in:
Dettagli Bibliografici
Natura: Libro
Lingua:spagnolo
Pubblicazione: Madrid Alianza Editorial 2000
Edizione:1a. ed
Serie:El Libro de Bolsillo. Biblioteca Nietzsche, 0617
Soggetti:
Tags: Aggiungi Tag
Nessun Tag, puoi essere il primo ad aggiungerne!!

MARC

LEADER 00000cam a2200000 a 4500
001 UCD7499
003 CL-VaPUC
008 170326e20000000sp |||||||||||||||||spa|d
020 |a 9788420637112 
082 0 4 |a 193  |b NIE  |2 21 
245 1 0 |a Consideraciones intempestivas: David Strauss, el confesor y el escritor -y fragmentos póstumos- 
250 |a 1a. ed 
300 |a t 
942 |c BK 
945 |d 20170326 03:36:00  |a arojas 
260 |a Madrid  |b Alianza Editorial  |c 2000 
650 0 |a Filosofía alemana   |9 265002 
650 7 |a FILOSOFOS ALEMANES  |2 CL-VaPUC  |9 591524 
583 |a last modification  |c 20170326 03:36:00  |k Rodrigo Vera 
490 0 |a El Libro de Bolsillo. Biblioteca Nietzsche, 0617 
999 |c 367515  |d 367513 
952 |0 0  |1 0  |3 erb  |4 0  |6 193_000000000000000_NIE_2000  |7 0  |8 A  |9 482430  |a BIBEDU  |b BIBEDU  |h t.1  |i 5367646  |o 193 NIE 2000  |p 5367646  |r 2019-11-24  |w 2019-11-24  |y BK  |z Catalogado en:20170326  |k FIL